{"text_format":"3","workbook":"xlsx","n_sheets":1,"sheets":["t549"],"read":"whole","date_system":"1900"}

{"sheet":"t549","index":0,"n_rows":210,"n_cols":7,"rows_kept":210,"merged":[[0,0,0,6],[30,0,30,5],[49,0,49,5],[156,0,156,5]]}
["TABELA 549.1 - Estatísticas Agrícolas, Município de São José do Rio Pardo, Estado de São Paulo, 2007/08."]
["ITEM","UNIDADE","N.DE UPAs","MÍNIMO","MÉDIO","MÁXIMO","TOTAL"]
["Distância à sede do município","km",{"v":1003,"d":"1,003"},0.2,8.4,{"v":24,"d":"24.0"},"-"]
["Área total","hectare",{"v":1003,"d":"1,003"},0.4,{"v":38.72,"d":"38.7"},{"v":1251,"d":"1,251.0"},{"v":38839.8,"d":"38,839.8"}]
["Área com cultura perene","hectare",104,0.2,{"v":22.82,"d":"22.8"},{"v":300,"d":"300.0"},{"v":2372.9,"d":"2,372.9"}]
["Área com cultura temporária","hectare",606,0.2,{"v":13.22,"d":"13.2"},{"v":465,"d":"465.0"},{"v":8013.5,"d":"8,013.5"}]
["Área com pastagem","hectare",998,0.1,{"v":21.34,"d":"21.3"},684.6,{"v":21294.4,"d":"21,294.4"}]
["Área com reflorestamento","hectare",154,0.1,{"v":4.26,"d":"4.3"},{"v":50,"d":"50.0"},655.4]
["Área com vegetação natural","hectare",526,0.1,{"v":9.18,"d":"9.2"},{"v":388,"d":"388.0"},{"v":4828.3,"d":"4,828.3"}]
["Área com vegetação de brejo e várzea","hectare",142,0.1,{"v":2.75,"d":"2.8"},{"v":60,"d":"60.0"},389.8]
["Área em descanso","hectare","-","-","-","-",{"v":0,"d":"0.0"}]
["Área complementar","hectare",899,0.1,{"v":1.43,"d":"1.4"},{"v":45,"d":"45.0"},{"v":1285.5,"d":"1,285.5"}]
["Área das UPAs com (0, 1] ha","hectare",10,0.4,0.7,{"v":1,"d":"1.0"},{"v":7,"d":"7.0"}]
["Área das UPAs com (1, 2] ha","hectare",32,1.2,1.7,{"v":2,"d":"2.0"},54.5]
["Área das UPAs com (2, 5] ha","hectare",184,2.1,{"v":3.85,"d":"3.9"},{"v":5,"d":"5.0"},708.9]
["Área das UPAs com (5, 10] ha","hectare",209,5.1,{"v":7.69,"d":"7.7"},{"v":10,"d":"10.0"},{"v":1606.6,"d":"1,606.6"}]
["Área das UPAs com (10, 20] ha","hectare",208,10.1,{"v":14.56,"d":"14.6"},{"v":20,"d":"20.0"},{"v":3029.1,"d":"3,029.1"}]
["Área das UPAs com (20, 50] ha","hectare",193,20.3,{"v":31.42,"d":"31.4"},49.5,{"v":6063.7,"d":"6,063.7"}]
["Área das UPAs com (50, 100] ha","hectare",80,50.1,{"v":72.14,"d":"72.1"},97.2,{"v":5771.5,"d":"5,771.5"}]
["Área das UPAs com (100, 200] ha","hectare",55,100.8,{"v":142.07,"d":"142.1"},{"v":200,"d":"200.0"},{"v":7814.1,"d":"7,814.1"}]
["Área das UPAs com (200, 500] ha","hectare",23,{"v":204,"d":"204.0"},{"v":295.08,"d":"295.1"},469.5,{"v":6786.9,"d":"6,786.9"}]
["Área das UPAs com (500, 1.000] ha","hectare",8,563.8,{"v":718.31,"d":"718.3"},{"v":968,"d":"968.0"},{"v":5746.5,"d":"5,746.5"}]
["Área das UPAs com (1.000, 2.000] ha","hectare",1,{"v":1251,"d":"1,251.0"},{"v":1251,"d":"1,251.0"},{"v":1251,"d":"1,251.0"},{"v":1251,"d":"1,251.0"}]
["Área das UPAs com (2.000, 5.000] ha","hectare","-","-","-","-","-"]
["Área das UPAs com (5.000, 10.000] ha","hectare","-","-","-","-","-"]
["Área das UPAs acima de 10.000 ha","hectare","-","-","-","-","-"]
["Familiares do proprietário que trabalham na UPA","unidade",649,{"v":1,"d":"1.0"},{"v":1.77,"d":"1.8"},{"v":12,"d":"12.0"},{"v":1149,"d":"1,149.0"}]
["Trabalhadores permanentes","unidade",504,{"v":1,"d":"1.0"},{"v":3.02,"d":"3.0"},{"v":150,"d":"150.0"},{"v":1521,"d":"1,521.0"}]
["Fonte: Secretaria de Agricultura e Abastecimento, CDRS/IEA, Projeto LUPA."]
[]
["TABELA 549.2 - Explorações Animais, Município de São José do Rio Pardo, Estado de São Paulo, 2007/08."]
["ITEM","UNIDADE","N.DE UPAs","MÍNIMO","MÉDIO","MÁXIMO","TOTAL"]
["Apicultura","colmeias",4,{"v":6,"d":"6.0"},{"v":14,"d":"14.0"},{"v":36,"d":"36.0"},{"v":56,"d":"56.0"}]
["Asininos E Muares","cabeças",57,{"v":1,"d":"1.0"},{"v":2.23,"d":"2.2"},{"v":13,"d":"13.0"},{"v":127,"d":"127.0"}]
["Avicultura de Corte","cabeças/ano",47,{"v":2,"d":"2.0"},{"v":316010.68,"d":"316,010.7"},{"v":6000000,"d":"6,000,000.0"},{"v":14852502,"d":"14,852,502.0"}]
["Avicultura para Ovos","cabeças",6,{"v":100,"d":"100.0"},{"v":2550,"d":"2,550.0"},{"v":9000,"d":"9,000.0"},{"v":15300,"d":"15,300.0"}]
["Bovinocultura de Corte","cabeças",335,{"v":1,"d":"1.0"},{"v":65.79,"d":"65.8"},{"v":2000,"d":"2,000.0"},{"v":22039,"d":"22,039.0"}]
["Bovinocultura Leiteira","cabeças",188,{"v":1,"d":"1.0"},{"v":50.71,"d":"50.7"},{"v":515,"d":"515.0"},{"v":9534,"d":"9,534.0"}]
["Bovinocultura Mista","cabeças",156,{"v":2,"d":"2.0"},{"v":26.05,"d":"26.1"},{"v":174,"d":"174.0"},{"v":4064,"d":"4,064.0"}]
["Bubalinocultura","cabeças",1,{"v":2,"d":"2.0"},{"v":2,"d":"2.0"},{"v":2,"d":"2.0"},{"v":2,"d":"2.0"}]
["Caprinocultura","cabeças",4,{"v":2,"d":"2.0"},{"v":3.75,"d":"3.8"},{"v":7,"d":"7.0"},{"v":15,"d":"15.0"}]
["Codornicultura","cabeças",1,{"v":15600,"d":"15,600.0"},{"v":15600,"d":"15,600.0"},{"v":15600,"d":"15,600.0"},{"v":15600,"d":"15,600.0"}]
["Equinocultura","cabeças",197,{"v":1,"d":"1.0"},{"v":6.04,"d":"6.0"},{"v":91,"d":"91.0"},{"v":1189,"d":"1,189.0"}]
["Ovinocultura","cabeças",32,{"v":1,"d":"1.0"},{"v":34.41,"d":"34.4"},{"v":213,"d":"213.0"},{"v":1101,"d":"1,101.0"}]
["Piscicultura","m² tanques",8,{"v":900,"d":"900.0"},{"v":8862.5,"d":"8,862.5"},{"v":20000,"d":"20,000.0"},{"v":70900,"d":"70,900.0"}]
["Sericicultura","gramas larvas/ano",2,{"v":2,"d":"2.0"},7.5,{"v":13,"d":"13.0"},{"v":15,"d":"15.0"}]
["Suinocultura","cabeças",82,{"v":1,"d":"1.0"},97.2,{"v":2800,"d":"2,800.0"},{"v":7970,"d":"7,970.0"}]
["Fonte: Secretaria de Agricultura e Abastecimento, CDRS/IEA, Projeto LUPA."]
[]
["TABELA 549.3 -  Máquinas, Implementos e Benfeitorias, Município de São José do Rio Pardo, Estado de São Paulo, 2007/08."]
["ITEM","UNIDADE","N.DE UPAs","MÍNIMO","MÉDIO","MÁXIMO","TOTAL"]
["Arado Comum (Bacia, Aiveca)","Unidade",482,{"v":1,"d":"1.0"},{"v":1.44,"d":"1.4"},{"v":6,"d":"6.0"},{"v":693,"d":"693.0"}]
["Arado Escarificador","Unidade",2,{"v":1,"d":"1.0"},{"v":1,"d":"1.0"},{"v":1,"d":"1.0"},{"v":2,"d":"2.0"}]
["Arado Subsolador","Unidade",188,{"v":1,"d":"1.0"},{"v":1.37,"d":"1.4"},{"v":5,"d":"5.0"},{"v":257,"d":"257.0"}]
["Batedeira de Cereais","Unidade",53,{"v":1,"d":"1.0"},{"v":1.04,"d":"1.0"},{"v":2,"d":"2.0"},{"v":55,"d":"55.0"}]
["Câmara Fria","Unidade",1,{"v":2,"d":"2.0"},{"v":2,"d":"2.0"},{"v":2,"d":"2.0"},{"v":2,"d":"2.0"}]
["Carregadeira de Cana","Unidade",1,{"v":1,"d":"1.0"},{"v":1,"d":"1.0"},{"v":1,"d":"1.0"},{"v":1,"d":"1.0"}]
["Colhedeira Acoplada","Unidade",32,{"v":1,"d":"1.0"},{"v":1.13,"d":"1.1"},{"v":2,"d":"2.0"},{"v":36,"d":"36.0"}]
["Colhedeira Automotriz","Unidade",5,{"v":1,"d":"1.0"},1.2,{"v":2,"d":"2.0"},{"v":6,"d":"6.0"}]
["Conj.Irrigação Autopropelido","Unidade",1,{"v":1,"d":"1.0"},{"v":1,"d":"1.0"},{"v":1,"d":"1.0"},{"v":1,"d":"1.0"}]
["Conj.Irrigação Convencional","Unidade",408,{"v":1,"d":"1.0"},{"v":1.66,"d":"1.7"},{"v":8,"d":"8.0"},{"v":677,"d":"677.0"}]
["Conj.Irrigação Pivot Central","Unidade",86,{"v":1,"d":"1.0"},{"v":1.41,"d":"1.4"},{"v":10,"d":"10.0"},{"v":121,"d":"121.0"}]
["Conj.Irrigação/Gotejamento/Microaspersão","Unidade",6,{"v":1,"d":"1.0"},{"v":1.33,"d":"1.3"},{"v":2,"d":"2.0"},{"v":8,"d":"8.0"}]
["Desintegrador, Picador, Triturador","Unidade",470,{"v":1,"d":"1.0"},{"v":1.72,"d":"1.7"},{"v":10,"d":"10.0"},{"v":808,"d":"808.0"}]
["Distribuidor de Calcário","Unidade",131,{"v":1,"d":"1.0"},{"v":1.25,"d":"1.3"},{"v":4,"d":"4.0"},{"v":164,"d":"164.0"}]
["Ensiladeira","Unidade",105,{"v":1,"d":"1.0"},{"v":1.62,"d":"1.6"},{"v":6,"d":"6.0"},{"v":170,"d":"170.0"}]
["Grade Aradora (Tipo Romi)","Unidade",470,{"v":1,"d":"1.0"},{"v":1.45,"d":"1.5"},{"v":8,"d":"8.0"},{"v":683,"d":"683.0"}]
["Grade Niveladora","Unidade",7,{"v":1,"d":"1.0"},{"v":1,"d":"1.0"},{"v":1,"d":"1.0"},{"v":7,"d":"7.0"}]
["Implementos para Tração Animal","Unidade",7,{"v":2,"d":"2.0"},{"v":9.57,"d":"9.6"},{"v":20,"d":"20.0"},{"v":67,"d":"67.0"}]
["Microtrator","Unidade",2,{"v":1,"d":"1.0"},1.5,{"v":2,"d":"2.0"},{"v":3,"d":"3.0"}]
["Misturador de Ração","Unidade",65,{"v":1,"d":"1.0"},{"v":1.32,"d":"1.3"},{"v":4,"d":"4.0"},{"v":86,"d":"86.0"}]
["Ordenhadeira Mecânica","Unidade",49,{"v":1,"d":"1.0"},{"v":1.06,"d":"1.1"},{"v":2,"d":"2.0"},{"v":52,"d":"52.0"}]
["Pulverizador Tratorizado","Unidade",289,{"v":1,"d":"1.0"},{"v":1.28,"d":"1.3"},{"v":7,"d":"7.0"},{"v":370,"d":"370.0"}]
["Resfriador de Leite, Tanque Expansão","Unidade",57,{"v":1,"d":"1.0"},{"v":1.14,"d":"1.1"},{"v":3,"d":"3.0"},{"v":65,"d":"65.0"}]
["Semeadeira/Adubadeira para Plantio Convencional","Unidade",285,{"v":1,"d":"1.0"},{"v":1.28,"d":"1.3"},{"v":6,"d":"6.0"},{"v":365,"d":"365.0"}]
["Semeadeira/Plantadeira Plantio Direto","Unidade",26,{"v":1,"d":"1.0"},{"v":1.27,"d":"1.3"},{"v":3,"d":"3.0"},{"v":33,"d":"33.0"}]
["Trator de Esteiras","Unidade",4,{"v":1,"d":"1.0"},{"v":1,"d":"1.0"},{"v":1,"d":"1.0"},{"v":4,"d":"4.0"}]
["Trator de Pneus","Unidade",519,{"v":1,"d":"1.0"},{"v":1.45,"d":"1.5"},{"v":8,"d":"8.0"},{"v":753,"d":"753.0"}]
["Açude/Represa","Unidade",664,{"v":1,"d":"1.0"},{"v":1.69,"d":"1.7"},{"v":11,"d":"11.0"},{"v":1122,"d":"1,122.0"}]
["Alambique","Unidade",1,{"v":1,"d":"1.0"},{"v":1,"d":"1.0"},{"v":1,"d":"1.0"},{"v":1,"d":"1.0"}]
["Almoxarifado/Oficina","Unidade",32,{"v":1,"d":"1.0"},{"v":1,"d":"1.0"},{"v":1,"d":"1.0"},{"v":32,"d":"32.0"}]
["Armazém para Grãos Ensacados","Sacas",24,{"v":1,"d":"1.0"},{"v":3029.46,"d":"3,029.5"},{"v":20000,"d":"20,000.0"},{"v":72707,"d":"72,707.0"}]
["Balança para Bovinos","Unidade",3,{"v":1,"d":"1.0"},{"v":1,"d":"1.0"},{"v":1,"d":"1.0"},{"v":3,"d":"3.0"}]
["Balança para Veículos","Unidade",5,{"v":1,"d":"1.0"},{"v":1,"d":"1.0"},{"v":1,"d":"1.0"},{"v":5,"d":"5.0"}]
["Barracão para Granja/Avicultura","Unidade",62,{"v":1,"d":"1.0"},{"v":2.48,"d":"2.5"},{"v":15,"d":"15.0"},{"v":154,"d":"154.0"}]
["Barracão/Galpão/Garagem","Unidade",763,{"v":1,"d":"1.0"},{"v":1.42,"d":"1.4"},{"v":6,"d":"6.0"},{"v":1083,"d":"1,083.0"}]
["Casa de Moradia Habitada","Unidade",770,{"v":1,"d":"1.0"},{"v":2.02,"d":"2.0"},{"v":30,"d":"30.0"},{"v":1552,"d":"1,552.0"}]
["Casa de Moradia Total","Unidade",872,{"v":1,"d":"1.0"},{"v":3.06,"d":"3.1"},{"v":52,"d":"52.0"},{"v":2670,"d":"2,670.0"}]
["Curral/Mangueira","Unidade",595,{"v":1,"d":"1.0"},{"v":1.49,"d":"1.5"},{"v":10,"d":"10.0"},{"v":884,"d":"884.0"}]
["Depósito/Tulha","Unidade",439,{"v":1,"d":"1.0"},{"v":1.38,"d":"1.4"},{"v":10,"d":"10.0"},{"v":606,"d":"606.0"}]
["Estábulo","Unidade",239,{"v":1,"d":"1.0"},{"v":1.03,"d":"1.0"},{"v":3,"d":"3.0"},{"v":247,"d":"247.0"}]
["Estufa/Plasticultura","m²",12,{"v":50,"d":"50.0"},{"v":8194.17,"d":"8,194.2"},{"v":80000,"d":"80,000.0"},{"v":98330,"d":"98,330.0"}]
["Fábrica de Farinha","Unidade",1,{"v":1,"d":"1.0"},{"v":1,"d":"1.0"},{"v":1,"d":"1.0"},{"v":1,"d":"1.0"}]
["Fábrica de Ração","Unidade",3,{"v":1,"d":"1.0"},{"v":1,"d":"1.0"},{"v":1,"d":"1.0"},{"v":3,"d":"3.0"}]
["Instalações para Equinos","Unidade",35,{"v":1,"d":"1.0"},{"v":5.54,"d":"5.5"},{"v":30,"d":"30.0"},{"v":194,"d":"194.0"}]
["Máquina de Benefício","Unidade",32,{"v":1,"d":"1.0"},{"v":1.22,"d":"1.2"},{"v":2,"d":"2.0"},{"v":39,"d":"39.0"}]
["Olaria","Unidade",8,{"v":1,"d":"1.0"},{"v":1,"d":"1.0"},{"v":1,"d":"1.0"},{"v":8,"d":"8.0"}]
["Packing House","Unidade",5,{"v":1,"d":"1.0"},1.2,{"v":2,"d":"2.0"},{"v":6,"d":"6.0"}]
["Pocilga","Unidade",92,{"v":1,"d":"1.0"},{"v":1.15,"d":"1.2"},{"v":4,"d":"4.0"},{"v":106,"d":"106.0"}]
["Poço Semi-Artesiano","Unidade",219,{"v":1,"d":"1.0"},{"v":1.13,"d":"1.1"},{"v":3,"d":"3.0"},{"v":248,"d":"248.0"}]
["Posto Meteorológico","Unidade",1,{"v":1,"d":"1.0"},{"v":1,"d":"1.0"},{"v":1,"d":"1.0"},{"v":1,"d":"1.0"}]
["Secador de Grãos","Unidade",19,{"v":1,"d":"1.0"},{"v":1.63,"d":"1.6"},{"v":6,"d":"6.0"},{"v":31,"d":"31.0"}]
["Silo para Grãos","t",9,{"v":1,"d":"1.0"},{"v":1865.78,"d":"1,865.8"},{"v":15000,"d":"15,000.0"},{"v":16792,"d":"16,792.0"}]
["Silo para Silagem","t",103,{"v":1,"d":"1.0"},{"v":395.16,"d":"395.2"},{"v":3500,"d":"3,500.0"},{"v":40701,"d":"40,701.0"}]
["Terreiro","m²",170,{"v":1,"d":"1.0"},{"v":1303.27,"d":"1,303.3"},{"v":10000,"d":"10,000.0"},{"v":221556,"d":"221,556.0"}]
["Fonte: Secretaria de Agricultura e Abastecimento, CDRS/IEA, Projeto LUPA."]
[]
["TABELA 549.4 - Outras Estatísticas Agrícolas, Município de São José do Rio Pardo, Estado de São Paulo, 2007/08."]
["ITEM","Número de UPAs",null,"Percentual"]
["Faz Parte de Associação de Produtores",151,null,{"v":15.054835493519443,"d":"15.1"}]
["Faz Parte de Cooperativa de Produtores",256,null,{"v":25.523429710867397,"d":"25.5"}]
["Faz Parte do Sindicato de Produtores",199,null,{"v":19.840478564307077,"d":"19.8"}]
["Não utiliza assistência técnica ",279,null,{"v":27.81655034895314,"d":"27.8"}]
["Utiliza somente assistência técnica governamental ",25,null,{"v":2.4925224327018944,"d":"2.5"}]
["Utiliza somente assistência técnica privada ",389,null,{"v":38.783649052841476,"d":"38.8"}]
["Utiliza assistência técnica tanto governamental quanto privada",310,null,{"v":30.907278165503488,"d":"30.9"}]
["Utiliza Crédito Rural",133,null,{"v":13.260219341974077,"d":"13.3"}]
["Utiliza Seguro Rural",8,null,{"v":0.7976071784646062,"d":"0.8"}]
["Utiliza Escrituração Agrícola",39,null,{"v":3.8883349950149553,"d":"3.9"}]
["Acessa Internet p/ Fins na Agropecuária",91,null,{"v":9.072781655034895,"d":"9.1"}]
["Utiliza Computador nas Atividades Agropecuárias",83,null,{"v":8.275174476570289,"d":"8.3"}]
["Utiliza Energia Elétrica Para Uso na Atividade Agrícola",968,null,{"v":96.51046859421734,"d":"96.5"}]
["Realiza Análise de Solo, quando necessário",121,null,{"v":12.063808574277168,"d":"12.1"}]
["Utiliza Práticas de Conservação de Solo, quando necessário",702,null,{"v":69.99002991026919,"d":"70.0"}]
["Faz Adubação Mineral, quando necessário",575,null,{"v":57.328015952143566,"d":"57.3"}]
["Faz Adubação Orgânica, quando necessário",589,null,{"v":58.72382851445663,"d":"58.7"}]
["Faz Adubação Verde, quando necessário",22,null,{"v":2.193419740777667,"d":"2.2"}]
["Utiliza Manejo Integrado de Pragas (MIP)",3,null,{"v":0.29910269192422734,"d":"0.3"}]
["Utiliza Hidroponia","-",null,"-"]
["Utiliza Plasticultura",10,null,{"v":0.9970089730807578,"d":"1.0"}]
["Utiliza Mudas Fiscalizadas",305,null,{"v":30.40877367896311,"d":"30.4"}]
["Utiliza Semente Melhorada",403,null,{"v":40.17946161515454,"d":"40.2"}]
["Faz Confinamento de Bovinos",9,null,{"v":0.897308075772682,"d":"0.9"}]
["Utiliza Pastejo Intensivo",12,null,{"v":1.1964107676969093,"d":"1.2"}]
["Faz Inseminação Artificial",14,null,{"v":1.3958125623130608,"d":"1.4"}]
["Faz Mineralização do Rebanho",643,null,{"v":64.10767696909272,"d":"64.1"}]
["Faz Vermifugação do Rebanho",645,null,{"v":64.30707876370887,"d":"64.3"}]
["Possui Parceiros /Arrendatários na Exploração Animal",73,null,{"v":7.278165503489532,"d":"7.3"}]
["Esporte e lazer",1,null,{"v":0.09970089730807577,"d":"0.1"}]
["Extração mineral",2,null,{"v":0.19940179461615154,"d":"0.2"}]
["Hotel Fazenda, Pousada ou SPA",1,null,{"v":0.09970089730807577,"d":"0.1"}]
["Pesque-pague",6,null,{"v":0.5982053838484547,"d":"0.6"}]
["Restaurante ou Lanchonete",1,null,{"v":0.09970089730807577,"d":"0.1"}]
["Transformação artesanal","-",null,"-"]
["Turismo rural ou ecoturismo","-",null,"-"]
["Outras atividades econômicas rurais",27,null,{"v":2.691924227318046,"d":"2.7"}]
["Agroindústria",4,null,{"v":0.3988035892323031,"d":"0.4"}]
["Proprietário sem instrução ou com instrução incompleta","-",null,"-"]
["Proprietário com antigo primário completo",166,null,{"v":16.550348953140578,"d":"16.6"}]
["Proprietário com 1° grau (ou antigo ginasial) completo",342,null,{"v":34.097706879361915,"d":"34.1"}]
["Proprietário com 2° grau (ou antigo colegial) completo",249,null,{"v":24.825523429710866,"d":"24.8"}]
["Proprietário com curso superior completo ",230,null,{"v":22.93120638085743,"d":"22.9"}]
["Pessoa Jurídica",16,null,{"v":1.5952143569292123,"d":"1.6"}]
["Proprietário residente na própria UPA ",318,null,{"v":31.704885343968098,"d":"31.7"}]
["Fonte: Secretaria de Agricultura e Abastecimento, CDRS/IEA, Projeto LUPA."]
[]
["TABELA 549.5 - Área Cultivada, Município de São José do Rio Pardo, Estado de São Paulo, 2007/08."]
["CULTURA","N.DE UPAs","MÍNIMO","MÉDIO","MÁXIMO","TOTAL"]
["Braquiaria",398,0.5,26.5,{"v":400,"d":"400.0"},{"v":10548.7,"d":"10,548.7"}]
["Outras gramineas para pastagem",863,0.1,{"v":10.73,"d":"10.7"},{"v":281,"d":"281.0"},{"v":9259.6,"d":"9,259.6"}]
["Cana-de-acucar",258,0.3,{"v":14.82,"d":"14.8"},{"v":250,"d":"250.0"},{"v":3823,"d":"3,823.0"}]
["Cafe",86,0.2,{"v":24.47,"d":"24.5"},{"v":300,"d":"300.0"},{"v":2104.6,"d":"2,104.6"}]
["Milho",267,0.1,{"v":7.06,"d":"7.1"},{"v":210,"d":"210.0"},{"v":1885.8,"d":"1,885.8"}]
["Cebola",137,0.2,7.6,{"v":60,"d":"60.0"},{"v":1040.8,"d":"1,040.8"}]
["Capim-napier (ou capim-elefante)",155,0.5,{"v":5.22,"d":"5.2"},{"v":100,"d":"100.0"},809.5]
["Eucalipto",153,0.1,{"v":4.28,"d":"4.3"},{"v":50,"d":"50.0"},654.9]
["Milho-silagem",69,{"v":1,"d":"1.0"},{"v":8.28,"d":"8.3"},{"v":40,"d":"40.0"},571.5]
["Gramas",12,{"v":1,"d":"1.0"},{"v":37.34,"d":"37.3"},{"v":100,"d":"100.0"},448.1]
["Repolho",136,0.2,{"v":2.68,"d":"2.7"},{"v":20,"d":"20.0"},{"v":364,"d":"364.0"}]
["Beterraba",132,0.3,{"v":2.59,"d":"2.6"},{"v":20,"d":"20.0"},341.5]
["Outras leguminosas para pastagem",5,1.6,44.1,{"v":200,"d":"200.0"},220.5]
["Laranja",2,{"v":11,"d":"11.0"},103.6,196.2,207.2]
["Cenoura",75,0.5,{"v":2.69,"d":"2.7"},{"v":20,"d":"20.0"},201.8]
["Berinjela",52,0.2,{"v":1.99,"d":"2.0"},{"v":20,"d":"20.0"},103.4]
["Feijao",14,0.2,{"v":6.09,"d":"6.1"},{"v":60,"d":"60.0"},85.2]
["Mandioca",9,0.2,{"v":7.52,"d":"7.5"},{"v":30,"d":"30.0"},67.7]
["Tomate envarado",23,0.5,{"v":2.07,"d":"2.1"},{"v":10,"d":"10.0"},47.5]
["Pimentao",37,0.4,{"v":1.16,"d":"1.2"},{"v":5,"d":"5.0"},42.9]
["Couve-flor",40,0.2,{"v":0.97,"d":"1.0"},{"v":3,"d":"3.0"},38.9]
["Abobora (ou jerimum)",45,0.1,{"v":0.68,"d":"0.7"},{"v":2,"d":"2.0"},30.4]
["Batata-inglesa (ou batata, ou batatinha)",1,{"v":30,"d":"30.0"},{"v":30,"d":"30.0"},{"v":30,"d":"30.0"},{"v":30,"d":"30.0"}]
["Chuchu",20,0.5,{"v":1.28,"d":"1.3"},2.5,25.5]
["Quiabo",24,0.3,{"v":0.85,"d":"0.9"},{"v":2,"d":"2.0"},20.3]
["Pepino",27,0.2,{"v":0.65,"d":"0.7"},{"v":2,"d":"2.0"},17.5]
["Viveiro de citros",1,{"v":15,"d":"15.0"},{"v":15,"d":"15.0"},{"v":15,"d":"15.0"},{"v":15,"d":"15.0"}]
["Outras olericolas",16,0.5,{"v":0.72,"d":"0.7"},{"v":1,"d":"1.0"},11.5]
["Pessego",6,0.5,{"v":1.83,"d":"1.8"},4.5,{"v":11,"d":"11.0"}]
["Limao",4,{"v":1,"d":"1.0"},{"v":2.63,"d":"2.6"},{"v":6,"d":"6.0"},10.5]
["Alface",17,0.1,0.6,{"v":2,"d":"2.0"},10.2]
["Abacate",2,{"v":5,"d":"5.0"},{"v":5,"d":"5.0"},{"v":5,"d":"5.0"},{"v":10,"d":"10.0"}]
["Jilo",13,0.2,{"v":0.65,"d":"0.7"},{"v":2,"d":"2.0"},8.5]
["Sorgo-forrageiro",2,{"v":3,"d":"3.0"},{"v":4,"d":"4.0"},{"v":5,"d":"5.0"},{"v":8,"d":"8.0"}]
["Maracuja",7,0.2,{"v":0.89,"d":"0.9"},{"v":2,"d":"2.0"},6.2]
["Feijao-vagem (ou vagem, ou feijao-verde)",8,0.5,0.7,{"v":1,"d":"1.0"},5.6]
["Manga",3,0.5,{"v":1.33,"d":"1.3"},{"v":2,"d":"2.0"},{"v":4,"d":"4.0"}]
["Couve (ou couve-crespa)",12,0.1,{"v":0.33,"d":"0.3"},0.5,3.9]
["Banana",3,0.1,1.2,{"v":3,"d":"3.0"},3.6]
["Batata-doce",2,{"v":1,"d":"1.0"},1.5,{"v":2,"d":"2.0"},{"v":3,"d":"3.0"}]
["Arroz",2,0.5,{"v":1,"d":"1.0"},1.5,{"v":2,"d":"2.0"}]
["Caqui",1,{"v":2,"d":"2.0"},{"v":2,"d":"2.0"},{"v":2,"d":"2.0"},{"v":2,"d":"2.0"}]
["Tangerina",2,{"v":1,"d":"1.0"},{"v":1,"d":"1.0"},{"v":1,"d":"1.0"},{"v":2,"d":"2.0"}]
["Viveiro de cafe",1,{"v":2,"d":"2.0"},{"v":2,"d":"2.0"},{"v":2,"d":"2.0"},{"v":2,"d":"2.0"}]
["Outros viveiros",1,{"v":1,"d":"1.0"},{"v":1,"d":"1.0"},{"v":1,"d":"1.0"},{"v":1,"d":"1.0"}]
["Brocolos (ou brocolis)",1,{"v":1,"d":"1.0"},{"v":1,"d":"1.0"},{"v":1,"d":"1.0"},{"v":1,"d":"1.0"}]
["Chicoria (ou chicoria-de-folha-crespa)",2,0.1,0.3,0.5,0.6]
["Outras florestais",1,0.5,0.5,0.5,0.5]
["Viveiro de flores e ornamentais",1,0.5,0.5,0.5,0.5]
["Cebolinha",1,0.5,0.5,0.5,0.5]
["Espinafre (ou espinafre-europeu)",1,0.1,0.1,0.1,0.1]
["Fonte: Secretaria de Agricultura e Abastecimento, CDRS/IEA, Projeto LUPA."]